Metallica - piosenki - Statystyki

Ogólne statystyki
  • Ten quiz został rozwiązany 1 209 razy
    842 od ostatniego zresetowania
  • Średni wynik to 39 z 119
Statystyki odpowiedzi
Album Piosenka % Poprawnych
Master of Puppets Master of Puppets
89%
...And Justice for All One
81%
Ride the Lightning Ride the Lightning
81%
Metallica Enter Sandman
80%
Kill 'Em All Seek & Destroy
78%
Metallica Nothing Else Matters
77%
Metallica The Unforgiven
74%
Ride the Lightning Fade to Black
72%
Ride the Lightning For Whom the Bell Tolls
70%
...And Justice for All ...And Justice for All
69%
Master of Puppets Battery
69%
Master of Puppets Orion
66%
Ride the Lightning Creeping Death
65%
Metallica Sad But True
63%
Reload Fuel
60%
St. Anger St. Anger
60%
Reload The Unforgiven II
60%
Master of Puppets Welcome Home (Sanitarium)
59%
Kill 'Em All The Four Horsemen
58%
Ride the Lightning Fight Fire with Fire
56%
Ride the Lightning The Call of Ktulu
56%
...And Justice for All Blackened
55%
Ride the Lightning Escape
54%
Death Magnetic The Unforgiven III
54%
Kill 'Em All Whiplash
53%
Ride the Lightning Trapped Under Ice
52%
Kill 'Em All Hit the Lights
50%
Hardwired... to Self-Destruct Hardwired
49%
72 Seasons 72 Seasons
48%
Master of Puppets Damage, Inc.
45%
72 Seasons Lux Æterna
45%
Metallica Wherever I May Roam
45%
...And Justice for All Harvester of Sorrow
43%
Master of Puppets Leper Messiah
42%
Kill 'Em All Motorbreath
42%
Reload The Memory Remains
42%
Kill 'Em All Metal Militia
41%
Master of Puppets The Thing That Should Not Be
41%
Master of Puppets Disposable Heroes
40%
...And Justice for All To Live Is to Die
39%
...And Justice for All Dyers Eve
38%
Load King Nothing
38%
Metallica Of Wolf and Man
37%
Kill 'Em All (Anesthesia) Pulling Teeth
36%
Kill 'Em All Jump in the Fire
36%
Death Magnetic The Day that Never Comes
33%
...And Justice for All The Shortest Straw
33%
...And Justice for All Eye of the Beholder
32%
Metallica Holier Than Thou
32%
Load Mama Said
32%
Kill 'Em All Phantom Lord
32%
Metallica The God That Failed
32%
Load 2 X 4
31%
St. Anger Frantic
31%
Hardwired... to Self-Destruct Moth Into Flame
31%
Kill 'Em All No Remorse
30%
72 Seasons If Darkness Had a Son
29%
Metallica My Friend of Misery
29%
Load Until It Sleeps
29%
Metallica Don't Tread on Me
28%
Load Ain't My Bitch
27%
72 Seasons Inamorata
27%
Hardwired... to Self-Destruct Atlas, Rise!
26%
St. Anger Some Kind of Monster
26%
Metallica Through the Never
26%
72 Seasons Screaming Suicide
25%
...And Justice for All The Frayed Ends of Sanity
25%
Load Bleeding Me
24%
Reload Fixxxer
24%
Metallica The Struggle Within
23%
Death Magnetic Cyanide
20%
Reload Devil's Dance
20%
Hardwired... to Self-Destruct Spit Out the Bone
20%
Death Magnetic All Nightmare Long
19%
St. Anger Dirty Window
19%
Load Hero of the Day
19%
Load The Outlaw Torn
18%
72 Seasons Shadows Follow
17%
Death Magnetic That Was Just Your Life
17%
Death Magnetic The Judas Kiss
17%
Load Ronnie
16%
72 Seasons Room of Mirrors
16%
Death Magnetic Suicide & Redemption
16%
Load The House Jack Built
16%
72 Seasons Too Far Gone?
16%
72 Seasons You Must Burn!
16%
Hardwired... to Self-Destruct Halo on Fire
15%
Death Magnetic My Apocalypse
15%
St. Anger Sweet Amber
15%
St. Anger All Within My Hands
14%
St. Anger Invisible Kid
14%
Reload Better Than You
13%
Death Magnetic Broken, Beat & Scarred
13%
72 Seasons Chasing Light
13%
72 Seasons Crown of Barbed Wire
13%
Load Cure
13%
Reload Low Man's Lyric
13%
Hardwired... to Self-Destruct ManUNkind
13%
Reload Bad Seed
12%
Hardwired... to Self-Destruct Now That We're Dead
12%
St. Anger Purify
12%
Reload Slither
12%
Death Magnetic The End of the Line
12%
Load Thorn Within
12%
Hardwired... to Self-Destruct Confusion
11%
Hardwired... to Self-Destruct Dream No More
11%
St. Anger My World
11%
Reload Prince Charming
11%
St. Anger Shoot Me Again
11%
72 Seasons Sleepwalk My Life Away
11%
Reload Attitude
10%
Hardwired... to Self-Destruct Murder One
10%
Hardwired... to Self-Destruct Am I Savage?
9%
Reload Carpe Diem Baby
9%
Hardwired... to Self-Destruct Here Comes Revenge
9%
St. Anger The Unnamed Feeling
9%
Load Wasting My Hate
9%
Reload Where the Wild Things Are
9%
Load Poor Twisted Me
8%
Nie znaleziono quizów pasujących do podanych kryteriów
Rozkład punktacji
Procent ludzi z każdym wynikiem
Percentyl według liczby udzielonych odpowiedzi
Twoja historia wyników
Nie rozwiązałeś tego quizu od ostatniego zresetowania